| 000 | 02123nab a2200253 i 4500 | ||
|---|---|---|---|
| 003 | BR-BrBNA | ||
| 005 | 20250718170639.0 | ||
| 008 | 250718b2019 bl.ar|pooa||| 00| 0 eng | | ||
| 040 |
_aBR-BrBNA _beng |
||
| 072 | _aF70 | ||
| 100 | _aSantos, Maiara Araújo Lima dos | ||
| 100 | _aBezerra, José Luiz | ||
| 100 | _aVitória, Nadja Santos | ||
| 245 | _aPhaeoseptum aquaticum (Halotthiaceae): new record for American continent in a new host for science | ||
| 500 | _aPublicação on-line; 6 ref.; 1 table; 1 illlus.; Summaries (En, Pt) | ||
| 520 | _a Abstract Phaeoseptum aquaticum (Ascomycota: Halotthiaceae) described for France, Haute Garonne, Palaminy, in a swamp, on submerged branch of Robinia pseudoacacia and at Martres Tolosane, e Moulin, banks of Garonne River, on driftwood of Salix sp., is reported as a new record for American continent in Juá village, municipality of Paulo Afonso, Bahia state, northeastern Brazil, colonizing a new host, Syagrus coronate, palm tree well suited to dry and arid regions from the Caatinga biome. Key words: Arecaceae, Ascomycota, Caatinga bioma, taxonomy. Resumo Phaeoseptum aquaticum (Ascomycota: Halotthiaceae) descrito para a França, Haute Garonne, Palaminy, em um pântano, no ramo submerso de Robinia pseudoacacia e em Martres Tolosane, e Moulin, bancos do rio Garonne, em troncos de Salix sp., é relatado como um novo registro para o continente americano no Povoado Juá, município de Paulo Afonso, estado da Bahia, nordeste do Brasil, colonizando um novo hospedeiro, Syagrus coronata, palmeira bem adaptada às regiões áridas e secas do bioma Caatinga. Palavras-chave: Arecaceae, Ascomycota, bioma da Caatinga, taxonomia. | ||
| 650 | _aARECACEAE | ||
| 650 | _aCAATINGA | ||
| 650 | _aTAXONOMIA | ||
| 773 | 0 |
_0709 _9351354 _dRio de Janeiro-RJ Jardim Botanico do Rio de Janeiro 1935 _o2025-3977 _tRodriguésia (Brazil) _x0370-6583; 2175-7860 on-line _gv. 70 p. 1-4; (2019) _wBR2025003276 |
|
| 856 | _uhttps://www.scielo.br/j/rod/a/zxNbgnmCXLh6dv96dySYCfj/?format=pdf&lang=en | ||
| 942 | _cANA | ||
| 999 |
_c333976 _d333976 |
||